Statistics for Countries Who Have Won Most IAAF World Athletics Gold Medals

Click here to take the quiz!

General Stats

  • This quiz has been taken 108 times
  • The average score is 11 of 14

Answer Stats

GoldsAnswer% Correct
153USA
100%
28UK
97%
53Russia
96%
32Germany
92%
13France
91%
55Kenya
89%
32Jamaica
88%
15China
87%
27Ethiopia
82%
18Poland
79%
21Cuba
46%
22Soviet Union
44%
20East Germany
43%
14Czech Republic
42%

Score Distribution

Percentile by Number Answered

Percent of People with Each Score

Your Score History

You have not taken this quiz